000 00254nam a2200097Ia 4500
001 640768
005 20250826153453.0
008 250824s9999 xx 000 0 und d
245 0 _aMALAZGİRTİN ÜÇ ATLISI
_cAHMET YILMAZ BOYUNAĞA
260 _bGENÇ TİMAŞ
999 _c640768
_d640768